Business tenancy (Record no. 67096)
[ view plain ]
| 000 -LEADER | |
|---|---|
| fixed length control field | 01356cam a2200253 4500 |
| 001 - CONTROL NUMBER | |
| control field | WB3720-19 |
| 008 - FIXED-LENGTH DATA ELEMENTS--GENERAL INFORMATION | |
| fixed length control field | 000000n2001 000 0 eng u |
| 035 ## - SYSTEM CONTROL NUMBER | |
| System control number | (Sirsi) u112705 |
| 245 ## - TITLE STATEMENT | |
| Title | Business tenancy |
| 260 ## - PUBLICATION, DISTRIBUTION, ETC. | |
| Date of publication, distribution, etc. | 2001 |
| 490 ## - SERIES STATEMENT | |
| Series statement | Estates Gazette |
| Volume/sequential designation | [2001] 20 EG 230 (CS) |
| 520 ## - SUMMARY, ETC. | |
| Summary, etc. | "Sun Life Assurance plc v Racal Tracs Ltd and another" CA 10 May 2001. The tenants (T) sought to overturn a ruling that requests made in January and March 1998 under the Landlord and Tenant Act 1954 s26, after the landlord (S) had indicated that it would require vacant possession at the end of the leases, were not genuine as the tenants had already decided to move to, and had exchanged contracts on, an adjoining site. Appeal allowed as the evidence of a tenant's mind was inadmissible as there was no mention of the tenant's intentions in s26 or s27, and that where the Act required an 'intention' it expressly said so. |
| 590 ## - LOCAL NOTE (RLIN) | |
| Local note | WB |
| 650 ## - SUBJECT ADDED ENTRY--TOPICAL TERM | |
| Topical term or geographic name entry element | COMPENSATION |
| 650 ## - SUBJECT ADDED ENTRY--TOPICAL TERM | |
| Topical term or geographic name entry element | Dilapidations |
| 9 (RLIN) | 6235 |
| 650 ## - SUBJECT ADDED ENTRY--TOPICAL TERM | |
| Topical term or geographic name entry element | LANDLORD AND TENANT ACT 1954 S26 |
| 650 ## - SUBJECT ADDED ENTRY--TOPICAL TERM | |
| Topical term or geographic name entry element | LANDLORD AND TENANT ACT 1954 S27 |
| 650 ## - SUBJECT ADDED ENTRY--TOPICAL TERM | |
| Topical term or geographic name entry element | LANDLORD AND TENANT ACT 1954 S37 |
| 650 ## - SUBJECT ADDED ENTRY--TOPICAL TERM | |
| Topical term or geographic name entry element | SUN LIFE ASSURANCE PLC V RACAL TRACS LTD |
| 650 ## - SUBJECT ADDED ENTRY--TOPICAL TERM | |
| Topical term or geographic name entry element | TENANTS INTENTIONS |
| 650 ## - SUBJECT ADDED ENTRY--TOPICAL TERM | |
| Topical term or geographic name entry element | TERMINAL DILAPIDATIONS |
| 690 ## - LOCAL SUBJECT ADDED ENTRY--TOPICAL TERM (OCLC, RLIN) | |
| Topical term or geographic name as entry element | LANDLORD AND TENANT-BUSINESS TENANCIES-CASE LAW |
| 942 ## - ADDED ENTRY ELEMENTS (KOHA) | |
| Suppress in OPAC | 0 |
| Withdrawn status | Lost status | Source of classification or shelving scheme | Damaged status | Not for loan | Home library | Current library | Shelving location | Date acquired | Total Checkouts | Full call number | Barcode | Date last seen | Copy number | Price effective from | Koha item type |
|---|---|---|---|---|---|---|---|---|---|---|---|---|---|---|---|
| Dewey Decimal Classification | London | London | News article | 22/05/2001 | WB3720-19 | 112705-1001 | 06/08/2019 | 1 | 06/08/2019 | Law report |